000
00316nam a22001337a 4500
008
180914b xxu||||| |||| 00| 0 eng d
020
_a
0300028709
041
_a
eng
080
_a
712
100
_a
45
101
_a
ART
245
_a
The CitY Wotj Of Art London Paros Vpena
_c
Olisen.D/J
942
_2
udc
_c
BK
999
_c
47822
_d
47822